| 000 | 00413nam a2200145 a 4500 | ||
|---|---|---|---|
| 001 | 2148 | ||
| 003 | CDMR | ||
| 005 | 20130730114441.0 | ||
| 008 | 130130s1984||||||||||||||||||||||||||||d | ||
| 040 |
_aCDMR _bcat _cCPC GIRONA |
||
| 100 | 1 |
_aPérez Calderon, Miguel _91602 |
|
| 245 | 1 | 3 |
_aLa noticia electrónica _bEstudios sobre televisión informativa _cPerez Calderon, Miguel |
| 260 |
_c1984 _bNacional |
||
| 942 |
_cMON _2udc |
||
| 999 |
_c2148 _d2148 |
||